000 00654nam a22002177a 4500
003 KOHA_MİRAKIL
005 20260331120652.0
008 260331b tu ||||| |||| 00| 0 tur d
020 _a9786257926287
040 _aTR-AnABB
_btur
_cTR-AnABB
041 _atur
082 _a814.42
_bOZE 2021
100 1 _aÖzer, Ahmet
245 1 0 _aDüşün gerçeği :
_bsanatın onurunu kendi onuru bilenlere selam olsun /
_cAhmet Özer
246 _aDüşün gerçeği
260 _aAnkara :
_bTelgrafhane Yayınları,
_c2021
300 _a215 sayfa ;
_c20 cm
500 _aYazar imzalı
650 0 4 _aTürk edebiyatı, deneme
942 _2ddc
_cBK
999 _c10123
_d10123
900 _bCan ÇELIK